Une nouvelle equation d'etat pour le calcul des proprietes thermodynamiques des melanges : cas des fluides pétroliers avec attention particuliere portee au domaine critique /
Guardado en:
| Otros Autores: | |
|---|---|
| Formato: | Manuscrito |
| Idioma: | French |
| Publicado: |
1978.
|
| Materias: | |
| Etiquetas: |
Agregar Etiqueta
Sin Etiquetas, Sea el primero en etiquetar este registro!
|
| LEADER | 01056ntm a22002535a 4500 | ||
|---|---|---|---|
| 001 | EIQ.libpla002694 | ||
| 008 | 070723s1978####fr#a#####bm###000#0#fre#d | ||
| 005 | 20070723175304.0 | ||
| 245 | 1 | 0 | |a Une nouvelle equation d'etat pour le calcul des proprietes thermodynamiques des melanges : |b cas des fluides pétroliers avec attention particuliere portee au domaine critique / |c par Roget Simonet. |
| 260 | |c 1978. | ||
| 300 | |a 90 p. : |b il. ; |c 30 cm. | ||
| 502 | |a Tesis (doctorado)--Université D'Aix-Marseille. Faculte Des Sciences, 1978. | ||
| 500 | |a Director de tesis:A. Peneloux. | ||
| 504 | |a Incluye referencias bibliográficas. | ||
| 100 | 1 | |a Simonet, Roget. |4 dis | |
| 710 | 2 | |a Université D'Aix-Marseille (France). |b Faculte Des Sciences |4 dgg. | |
| 650 | 4 | |a Procesos |x Tesis. | |
| 650 | 4 | |a Procesos |x Termodinámica | |
| 650 | 4 | |a Procesos |x Propiedades. | |
| 650 | 4 | |a Processes. |x Thesis. | |
| 650 | 4 | |a Processes. |x thermodynamic. | |
| 650 | 4 | |a Processes. |x Properties. | |
| 040 | |a AR-BbSID |b spa |c AR-BbSID | ||
| 859 | |a AR-BbSID |b BIB. PLAPIQUI |h 541.363 |i Si 51 |p 1742 | ||
